| 000 | 00528nam a2200193Ia 4500 | ||
|---|---|---|---|
| 003 | LK-CoDNM | ||
| 008 | 010623t2003 xxu||||| |||| 00| 1 sin d | ||
| 040 |
_aLK-CoDNM _dLK-CoDNM _eLK-CoDNM |
||
| 041 | _asin | ||
| 080 |
_a396 _bSAM |
||
| 100 | _aSamarasinghe, Ajith | ||
| 245 | _aකාන්තාව හා කාන්තා අතවර | ||
| 246 | _aKaanthawa haa kaantha athawara | ||
| 260 |
_bS.Godage _aColombo _c2003 |
||
| 300 | _b282, 21.5 cm | ||
| 650 | _aWomen society | ||
| 650 | _aWomen abuse | ||
| 942 | _cBK | ||
| 999 |
_c122766 _d122766 |
||